| 000 | 00683nam a2200205 i 4500 | ||
|---|---|---|---|
| 001 | 132827 | ||
| 003 | ES-MaACL | ||
| 005 | 20250904061106.0 | ||
| 007 | t| | ||
| 008 | 070214s1942 sp r ||||1| spa d | ||
| 100 | 1 |
_aCastro, Alfonso de, _d1495-1558 _9168489 |
|
| 245 | 1 | 0 |
_aAlfonso de Castro _b: (antología) / _cselección y prólogo de Juan del Rosal. |
| 260 |
_aMadrid : _bFe, _c1942. |
||
| 300 |
_a230 p. ; _c17 cm. |
||
| 490 | 1 | _aColección "Breviarios del Pensamiento español" | |
| 710 | 2 |
_aRosal, Juan del. _96460 |
|
| 830 | 0 |
_aColección "Breviarios del Pensamiento español" _9219676 |
|
| 852 |
_aES-MaACL _jF-16007 _bR.20632 |
||
| 999 |
_c132827 _d132827 |
||